|
|
|
|
| LEADER |
00000cam a2200000 7i4500 |
| 001 |
0000007424 |
| 002 |
000007982 |
| 005 |
20011029.0 |
| 020 |
|
|
|a 9836240578
|
| 090 |
0 |
0 |
|a 398.45
|b DAY
|
| 245 |
0 |
0 |
|a Dayang Puteri Kaenon
|c diselenggarakan oleh MD.Azmi Hussin
|
| 260 |
|
|
|a Kuala Lumpur :
|b DBP ,
|c 1994
|
| 300 |
|
|
|a 86 p. ;
|c 21 cm.
|
| 490 |
0 |
|
|a Siri cerita rakyat
|
| 650 |
0 |
0 |
|a Folk literature, Malay
|
| 999 |
|
|
|a 041007
|b BUKU
|c PINJAMAN
|e PERPUSTAKAAN KOMUNITI PETALING JAYA
|
| 999 |
|
|
|a 051447
|b BUKU
|c PINJAMAN
|e PERPUSTAKAAN KOMUNITI PETALING JAYA
|
| 999 |
|
|
|a 051448
|b BUKU
|c PINJAMAN
|e PERPUSTAKAAN KOMUNITI PETALING JAYA
|
| 999 |
|
|
|a 051449
|b BUKU
|c JUNIOR BOOKS
|e PERPUSTAKAAN KOMUNITI PETALING JAYA
|